00660nam a2200193Ia 4500003000900000008004100009020001800050040001600068080001700084100002600101245010300127260003700230300001500267650001900282650001900301942000700320999001700327952012200344IN-BaIIA211028s9999 xx 000 0 eng d a0-201-50820-6 cIIA Library a530.145bHOL aHolstein, B. R919055 0aTopics in advanced quantum mechanicscB. R. Holstein  aCaliforniabAddison-Wesleyc1992 axii, 436p. aNASA thesaurus aQuantum theory cBK c11128d11128 00104070aBANbBANcGENd1994-07-28g330.35l0o530.145/ HOLp12042r2021-11-05v330.35w1994-07-28yBKGRs. 330.35